书目信息 |
| 题名: |
外国奇案故事
|
|
| 作者: | 杨林 改编 | |
| 分册: | ||
| 出版信息: | 西安 未来 1994 |
|
| 页数: | 2册(508页) | |
| 开本: | 19cm | |
| 丛书名: | 中外文学名著通俗本丛书 | |
| 单 册: | ||
| 中图分类: | I561.45 , D918 | |
| 科图分类: | ||
| 主题词: | 侦探小说--英国--现代--缩写本 , 法学--部门 | |
| 电子资源: | ||
| ISBN: | 7-5417-0929-8 | |
| 000 | 00804nam2 2200277 45 | |
| 001 | 0195006690 | |
| 005 | 20061028101715.54 | |
| 010 | @a7-5417-0929-8@dCNY12.35 | |
| 100 | @a19950129d1994 demy0chiy0121 ea | |
| 101 | 0 | @achi |
| 102 | @aCN@b610000 | |
| 105 | @af z 000fy | |
| 200 | 10 | @a外国奇案故事@AWAI GUO QI AN GU SHI@f杨 林等改编@FYANG LIN DENG GAI BIAN |
| 210 | @a西安@c未来@d1994 | |
| 215 | @a2册(508页)@c彩图@d19cm | |
| 225 | 2 | @a中外文学名著通俗本丛书 |
| 300 | @a根据福尔摩斯探案集改编 | |
| 410 | 0 | @120010@a中外文学名著通俗本丛书 |
| 540 | 1 | @a外国 奇案@AWAI GUO QI AN |
| 606 | @a侦探小说@y英国@z现代@x缩写本 | |
| 606 | 0 | @a法学@x部门 |
| 690 | @aI561.45@v三版 | |
| 690 | @aD918@v3 | |
| 701 | 0 | @a杨林@AYANG LIN@4改编 |
| 801 | 0 | @aCN@bTSSF@c20061028 |
| 905 | @a10447@dD918@e78 | |
| 外国奇案故事/杨 林等改编.-西安:未来,1994 |
| 2册(508页):彩图;19cm.-(中外文学名著通俗本丛书) |
| 根据福尔摩斯探案集改编 |
| ISBN 7-5417-0929-8:CNY12.35 |
| ● |
| 相关链接 |
|
|
|
|
正题名:外国奇案故事
索取号:D918/78
 
预约/预借
| 序号 | 登录号 | 条形码 | 馆藏地/架位号 | 状态 | 备注 |
| 1 | 0142499 | 000371243 | 第一样本阅览室/ [索取号:D918/78] | 在馆 |